| 000 | 01031nam a2200229Ia 4500 | ||
|---|---|---|---|
| 999 |
_c3972 _d3972 |
||
| 003 | OSt | ||
| 005 | 20200331155651.0 | ||
| 008 | 191128s2014 ck a br 000 j spa d | ||
| 020 | _a9789585826168 | ||
| 040 |
_aCO-JMCR _cCO-JMCR |
||
| 041 | 0 | _aspa | |
| 082 | 0 | 4 |
_aC / _bANDl |
| 100 | 1 |
_aAndricaín, Sergio, _eautor _92298 |
|
| 245 | 1 | 0 |
_aLero, lero, candelero : _brimas, canciones y adivianzas para niños / _cSergio Andricaín ; ilustración Núria Feijoó |
| 260 |
_aBogotá : _bEverest, _c2014 |
||
| 300 |
_a48 páginas : _bilustraciones a color ; _c28 cm. |
||
| 505 | _aRimas y retahílas -- Trabalenguas -- Adivinanzas | ||
| 520 | _aRetahílas y coplas, adivinanzas y trabalenguas… Los pequeños disfrutarán de la música y el ritmo de las palabras, imaginando los colores, las formas y los sabores que nos evocan. La poesía de la tradición oral es un tesoro maravilloso que nunca se agota. | ||
| 650 | 1 | 4 |
_aAdivinanzas y refranes _xcuento _92299 |
| 700 |
_aFeijoó, Núria, _eilustradora _92300 |
||
| 942 |
_2ddc _cBK |
||